00367nam a2200157Ia 4500001000500000005001700005008004100022041000800063082001500071100004800086245002800134260000900162300002200171650000800193654000800201908220260306160657.0260306t2007||||xx |||||||||||||| ||spa|| aESP a372.6bC76 aIbarra Morelli, Carmen Hortensia (dir)eAUT 0aComunicación integral c2007 apágs. :c27 cm. aGEN aCED